[Event "PHI-ch U16"]
[Site "San Antonio"]
[Date "2014.04.21"]
[Round "1"]
[White "Hijastro, Ardyin"]
[Black "Morado, Jeth Romy"]
[Result "1-0"]
[WhiteElo "1903"]
[BlackElo "1810"]
[PlyCount "143"]
[EventDate "2014.04.21"]
[EventType "swiss"]
[EventRounds "13"]
[EventCountry "PHI"]
[SourceTitle "CBM 160 Extra"]
[Source "ChessBase"]
[SourceDate "2014.07.01"]
[SourceVersion "1"]
[SourceVersionDate "2014.07.01"]
[SourceQuality "1"]

1. e4 d5 2. exd5 Qxd5 3. Nf3 Bg4 4. Be2 e6 5. Nc3 Qa5 6. Ne4 Nf6 7. Nxf6+ gxf6 8. c3 Nc6 9. b4 Qh5 10. h3 Bxf3 11. Bxf3 Qe5+ 12. Qe2 Nxb4 13. Qxe5 Nd3+ 14. Ke2 Nxe5 15. Bxb7 Rb8 16. Rb1 Bd6 17. d4 Nc4 18. Be3 Ke7 19. Kd3 Nxe3 20. Kxe3 Rhg8 21. a4 Rg5 22. Bc6 Rb6 23. Bf3 Ra5 24. Rxb6 axb6 25. Bc6 Rg5 26. h4 Rg4 27. g3 h6 28. Ra1 f5 29. Bf3 f4+ 30. Kd3 Rg8 31. g4 Rb8 32. Rb1 Rg8 33. c4 Kd7 34. Rb5 Be7 35. Rh5 Rg6 36. c5 bxc5 37. dxc5 e5 38. Kc4 f6 39. a5 c6 40. Be4 Rg8 41. Bf5+ Kc7 42. Rxh6 Rd8 43. Rh7 Rd4+ 44. Kb3 Kd8 45. a6 Bxc5 46. a7 Bxa7 47. Rxa7 e4 48. Kc3 Rd3+ 49. Kc2 Rf3 50. Bxe4 Rxf2+ 51. Kd3 c5 52. h5 Rh2 53. Rf7 Rh3+ 54. Kc4 Rh4 55. Rxf6 Rxg4 56. Bf3 Ke7 57. Rf5 Rh4 58. Kxc5 Ke6 59. Rf8 Ke7 60. Ra8 Rh3 61. Ra3 Kf6 62. Kd5 Kg5 63. Ke5 Rg3 64. Ke4 Rg1 65. Ra5+ Kh6 66. Kxf4 Rc1 67. Ra6+ Kh7 68. Bg4 Rf1+ 69. Kg5 Rg1 70. Ra7+ Kg8 71. Kf5 Rf1+ 72. Kg6 1-0